000 00245nam a2200097Ia 4500
001 793565
005 20250826170651.0
008 250824s9999 xx 000 0 und d
245 0 _aGÖLGELERİN RESSAMI
_cESTEBAN MARTIN
260 _bARKADYA YAYINLARI
999 _c793565
_d793565